<?xml version="1.0" encoding="UTF-8"?>
<record
    xmlns:xsi="http://www.w3.org/2001/XMLSchema-instance"
    xsi:schemaLocation="http://www.loc.gov/MARC21/slim http://www.loc.gov/standards/marcxml/schema/MARC21slim.xsd"
    xmlns="http://www.loc.gov/MARC21/slim">

  <leader>00544nam a22001697a 4500</leader>
  <controlfield tag="003">OSt</controlfield>
  <controlfield tag="005">20240930102605.0</controlfield>
  <controlfield tag="008">240830s2022    ag ||||| |||| 00| p spa d</controlfield>
  <datafield tag="040" ind1=" " ind2=" ">
    <subfield code="c">besoc</subfield>
  </datafield>
  <datafield tag="100" ind1="1" ind2="0">
    <subfield code="a">Roberts, Cintia </subfield>
    <subfield code="e">autor</subfield>
  </datafield>
  <datafield tag="245" ind1="1" ind2="0">
    <subfield code="a">Te veo, &#xBF;me ves? /</subfield>
    <subfield code="c">Cintia Roberts, Mar&#xED;a Bel&#xE9;n Campero, Sabina Sch&#xFC;rmann</subfield>
  </datafield>
  <datafield tag="260" ind1=" " ind2=" ">
    <subfield code="a">Buenos Aires :</subfield>
    <subfield code="b">Ojoreja,</subfield>
    <subfield code="c">2022</subfield>
  </datafield>
  <datafield tag="650" ind1=" " ind2="4">
    <subfield code="a">Literatura Argentina</subfield>
    <subfield code="v">Poes&#xED;a</subfield>
    <subfield code="y">Siglo XXI</subfield>
    <subfield code="x">Colecci&#xF3;n infantil y juvenil </subfield>
  </datafield>
  <datafield tag="700" ind1="1" ind2=" ">
    <subfield code="a">Campero, Mar&#xED;a Bel&#xE9;n </subfield>
  </datafield>
  <datafield tag="700" ind1="1" ind2=" ">
    <subfield code="a">Sch&#xFC;rmann, Sabina </subfield>
  </datafield>
  <datafield tag="942" ind1=" " ind2=" ">
    <subfield code="2">udc</subfield>
    <subfield code="c">OG</subfield>
    <subfield code="n">0</subfield>
  </datafield>
  <datafield tag="999" ind1=" " ind2=" ">
    <subfield code="c">310</subfield>
    <subfield code="d">310</subfield>
  </datafield>
  <datafield tag="952" ind1=" " ind2=" ">
    <subfield code="0">0</subfield>
    <subfield code="1">0</subfield>
    <subfield code="2">udc</subfield>
    <subfield code="4">0</subfield>
    <subfield code="7">0</subfield>
    <subfield code="8">CG</subfield>
    <subfield code="a">ESOCIALES</subfield>
    <subfield code="b">ESOCIALES</subfield>
    <subfield code="d">2024-08-30</subfield>
    <subfield code="l">0</subfield>
    <subfield code="o">82-1(82) C195</subfield>
    <subfield code="p">001118</subfield>
    <subfield code="r">2024-08-30 00:00:00</subfield>
    <subfield code="w">2024-08-30</subfield>
    <subfield code="y">OG</subfield>
  </datafield>
</record>
